Videotex : (Record no. 184799)
[ view plain ]
| 000 -LEADER | |
|---|---|
| fixed length control field | 00717 a2200205 4500 |
| 003 - CONTROL NUMBER IDENTIFIER | |
| control field | NUST |
| 005 - DATE AND TIME OF LATEST TRANSACTION | |
| control field | 20230116170506.0 |
| 010 ## - LIBRARY OF CONGRESS CONTROL NUMBER | |
| LC control number | 80040758 |
| 020 ## - INTERNATIONAL STANDARD BOOK NUMBER | |
| International Standard Book Number | 0855014938 |
| 040 ## - CATALOGING SOURCE | |
| Transcribing agency | Nust |
| 082 00 - DEWEY DECIMAL CLASSIFICATION NUMBER | |
| Classification number | 384.648,WOO |
| 100 1# - MAIN ENTRY--PERSONAL NAME | |
| Personal name | Woolfe, Roger. |
| 9 (RLIN) | 106917 |
| 245 10 - TITLE STATEMENT | |
| Title | Videotex : |
| Remainder of title | the new television/telephone information services / |
| Statement of responsibility, etc. | Roger Woolfe. |
| 260 ## - PUBLICATION, DISTRIBUTION, ETC. | |
| Place of publication, distribution, etc. | London ; |
| -- | Philadelphia : |
| Name of publisher, distributor, etc. | Heyden, |
| Date of publication, distribution, etc. | c1980. |
| 300 ## - PHYSICAL DESCRIPTION | |
| Extent | xiii, 170 p. : |
| Other physical details | ill. ; |
| Dimensions | 25 cm. |
| 440 #0 - SERIES STATEMENT/ADDED ENTRY--TITLE | |
| Title | Computing sciences series |
| 9 (RLIN) | 106918 |
| 505 ## - FORMATTED CONTENTS NOTE | |
| Formatted contents note | Part-1: Videotex Services (Page-3), Part-2: Britain’s Prestel (Page-63), Part-3: Worlwide Videotex Development (Page-121). |
| 650 #0 - SUBJECT ADDED ENTRY--TOPICAL TERM | |
| Topical term or geographic name entry element | Videotex systems. |
| 9 (RLIN) | 106919 |
| 942 ## - ADDED ENTRY ELEMENTS (KOHA) | |
| Source of classification or shelving scheme | |
| Koha item type | Book |
| Call number prefix | 384.648,WOO |
| Withdrawn status | Lost status | Source of classification or shelving scheme | Damaged status | Not for loan | Permanent Location | Current Location | Shelving location | Date acquired | Full call number | Barcode | Date last seen | Price effective from | Koha item type | Public note |
|---|---|---|---|---|---|---|---|---|---|---|---|---|---|---|
| Military College of Signals (MCS) | Military College of Signals (MCS) | General Stacks | 12/12/2016 | 384.648,WOO | MCS2495 | 12/08/2016 | 12/12/2016 | Book | Almirah No.54, Shelf No.5 |
